[Event "DVM U14w 2014"]
[Site "Regensburg GER"]
[Date "2014.12.28"]
[Round "3"]
[White "Shvartsman, Julia"]
[Black "Witte, Hanna"]
[Result "1-0"]
[Termination "normal"]
[Board "8.4"]
[WhiteElo "1035"]
[BlackElo "800"]
[WhiteTeam "SK Gräfelfing"]
[BlackTeam "SV Stuttgart-Wolfbusch"]
[PlyCount "55"]
[WhiteFideId "12983454"]
[BlackFideId "16200322"]
[EventCountry "GER"]
[EventRounds "7"]
[EventType "team-swiss"]
[EventDate "2014.12.26"]

1. e4 e5 2. Nf3 Nc6 3. Bc4 d6 4. d3 Bg4 5. h3 Bh5 6. g4 Bg6 7. Bg5 f6 8. Be3
Nge7 9. Nc3 Na5 10. Qd2 Qd7 11. O-O-O O-O-O 12. Bxa7 Nac6 13. Qe3 Ng8 14. Bd5
Nce7 15. d4 c6 16. Bb6 Re8 17. Bc4 d5 18. Bb3 Bf7 19. dxe5 Qe6 20. exd5 g6 21.
Kb1 Bh6 22. dxe6 Bxe6 23. Qd3 Nd5 24. Nxd5 cxd5 25. Bxd5 Bf4 26. Bxe6+ Kb8 27.
Qd8+ Rxd8 28. Rxd8# 1-0

[Event "DVM U14w 2014"]
[Site "Regensburg GER"]
[Date "2014.12.28"]
[Round "3"]
[White "Bünte, Kirsten"]
[Black "Oberhofer, Marie"]
[Result "1/2-1/2"]
[Termination "normal"]
[Board "9.1"]
[WhiteElo "1316"]
[BlackElo "1648"]
[WhiteTeam "Gütersloher SV"]
[BlackTeam "SC Bavaria Regensburg"]
[PlyCount "62"]
[WhiteFideId "16200535"]
[BlackFideId "12938165"]
[EventCountry "GER"]
[EventRounds "7"]
[EventType "team-swiss"]
[EventDate "2014.12.26"]

1. d4 Nf6 2. Nf3 g6 3. c4 c5 4. e3 Bg7 5. Nc3 O-O 6. Bd3 d6 7. O-O Bg4 8. Be2
Qc7 9. Bd2 Nbd7 10. b3 Nb6 11. Ng5 Bxe2 12. Qxe2 d5 13. Nb5 Qc8 14. Rac1 dxc4
15. bxc4 Qf5 16. e4 Qc8 17. d5 a6 18. Nc3 Nfd7 19. f4 Re8 20. e5 Nf8 21. Rb1
Nbd7 22. Nce4 f6 23. e6 fxg5 24. exd7 Nxd7 25. Nxg5 Nf8 26. Qd3 Bd4+ 27. Kh1 e6
28. dxe6 Nxe6 29. Ne4 Qc6 30. Rbe1 Rad8 31. Qc2 Ng7 1/2-1/2

[Event "DVM U14w 2014"]
[Site "Regensburg GER"]
[Date "2014.12.28"]
[Round "3"]
[White "Böse, Carolin"]
[Black "Neumann, Konstantina"]
[Result "1-0"]
[Termination "normal"]
[Board "9.2"]
[WhiteElo "1410"]
[BlackElo "1182"]
[WhiteTeam "SC Bavaria Regensburg"]
[BlackTeam "Gütersloher SV"]
[PlyCount "77"]
[WhiteFideId "12929646"]
[BlackFideId "16200543"]
[EventCountry "GER"]
[EventRounds "7"]
[EventType "team-swiss"]
[EventDate "2014.12.26"]

1. e4 {[%emt 0:00:00]} e5 2. Bc4 Nf6 3. Nf3 Nc6 4. Ng5 d5 5. exd5 Nxd5 6. Nxf7
Kxf7 7. Qf3+ Qf6 8. Bxd5+ Be6 9. Bxc6 bxc6 10. Qxc6 Bd6 11. Nc3 Rhf8 12. d3 Kg8
13. Ne4 Qf7 14. O-O Rad8 15. Ng5 Qg6 16. f4 Rde8 17. fxe5 Rxf1+ 18. Kxf1 Qf5+
19. Nf3 Bd7 20. Qc4+ Be6 21. Qf4 Qxf4 22. Bxf4 Bc5 23. d4 Bb6 24. b3 Rf8 25.
Be3 Bd5 26. Ke2 Be4 27. c4 Rc8 28. d5 Rf8 29. e6 Bg6 30. b4 a5 31. Bxb6 cxb6
32. bxa5 bxa5 33. d6 Bf5 34. e7 Re8 35. Rd1 Bd7 36. Ne5 Bc8 37. d7 Bxd7 38.
Rxd7 h6 39. Rd8 1-0

[Event "DVM U14w 2014"]
[Site "Regensburg GER"]
[Date "2014.12.28"]
[Round "3"]
[White "Neumann, Anna-Alicia"]
[Black "Hauner, Sara-Marie"]
[Result "1-0"]
[Termination "normal"]
[Board "9.3"]
[WhiteElo "1115"]
[BlackElo "756"]
[WhiteTeam "Gütersloher SV"]
[BlackTeam "SC Bavaria Regensburg"]
[PlyCount "34"]
[WhiteFideId "16200551"]
[BlackFideId "16200578"]
[EventCountry "GER"]
[EventRounds "7"]
[EventType "team-swiss"]
[EventDate "2014.12.26"]

1. d4 {[%emt 0:00:00]} d5 {[%emt 0:00:00]} 2. Nc3 Nf6 3. Bg5 Nc6 4. f3 Bf5 5.
g4 Bg6 6. Bxf6 exf6 7. e4 dxe4 8. fxe4 Qd7 9. Bb5 Bb4 10. d5 O-O 11. dxc6 bxc6
12. Qxd7 cxb5 13. Qxb5 Bxc3+ 14. bxc3 Bxe4 15. Nf3 Bxf3 16. Rg1 a6 17. Qd3
Rfe8+ {Ab hier nicht mehr nachvollziehbar} 1-0

[Event "DVM U14w 2014"]
[Site "Regensburg GER"]
[Date "2014.12.28"]
[Round "4"]
[White "Moses, Selina"]
[Black "Wächter, Nathalie"]
[Result "0-1"]
[Termination "normal"]
[Board "1.1"]
[WhiteElo "1827"]
[BlackElo "1843"]
[WhiteClock "00:20:37"]
[BlackClock "00:18:16"]
[WhiteTeam "SV Muldental Wilkau-Haßlau"]
[BlackTeam "TuRa Harksheide"]
[PlyCount "56"]
[WhiteFideId "12908070"]
[BlackFideId "12921033"]
[EventCountry "GER"]
[EventRounds "7"]
[EventType "team-swiss"]
[EventDate "2014.12.26"]

1. e4 {[%clk 1:30:58]} e5 {[%clk 1:30:53]} 2. Nf3 {[%clk 1:31:21]} Nc6 {[%clk
1:31:18]} 3. Nc3 {[%clk 1:31:44]} Nf6 {[%clk 1:31:00]} 4. d4 {[%clk 1:31:59]}
exd4 {[%clk 1:28:33]} 5. Nxd4 {[%clk 1:32:21]} Bb4 {[%clk 1:27:56]} 6. Nxc6
{[%clk 1:32:40]} bxc6 {[%clk 1:27:31]} 7. Bd3 {[%clk 1:32:58]} h6 {[%clk
1:25:38]} 8. O-O {[%clk 1:29:24]} d6 {[%clk 1:23:22]} 9. a3 {[%clk 1:26:05]}
Bxc3 {[%clk 1:19:23]} 10. bxc3 {[%clk 1:25:22]} O-O {[%clk 1:19:40]} 11. Bb2
{[%clk 1:22:52]} Re8 {[%clk 1:17:48]} 12. Re1 {[%clk 1:22:56]} Ng4 {[%clk
1:17:13]} 13. h3 {[%clk 1:19:33]} Ne5 {[%clk 1:16:48]} 14. f4 {[%clk 1:10:38]}
Nxd3 {[%clk 1:03:57]} 15. cxd3 {[%clk 1:10:17]} Qh4 {[%clk 1:04:03]} 16. Qf3
{[%clk 1:09:55]} Rb8 {[%clk 1:03:49]} 17. Reb1 {[%clk 0:58:37]} f5 {[%clk
0:54:53]} 18. c4 {[%clk 0:46:27]} fxe4 {[%clk 0:49:32]} 19. dxe4 {[%clk
0:46:52]} Rf8 {[%clk 0:41:45]} 20. f5 Ba6 {[%clk 0:34:08]} 21. Qc3 {[%clk
0:34:03]} Rf7 {[%clk 0:33:56]} 22. Re1 {[%clk 0:33:27]} Bxc4 {[%clk 0:30:56]}
23. Rab1 {[%clk 0:31:12]} d5 {[%clk 0:28:42]} 24. exd5 {[%clk 0:28:42]} cxd5
{[%clk 0:27:49]} 25. Re6 {[%clk 0:25:16]} Ba2 {[%clk 0:20:37]} 26. Rg6 {[%clk
0:23:35]} d4 {[%clk 0:19:48]} 27. Qd3 {[%clk 0:20:11]} Bxb1 {[%clk 0:19:07]}
28. Qxb1 {[%clk 0:20:37]} Qf4 {[%clk 0:18:16]} 0-1

[Event "DVM U14w 2014"]
[Site "Regensburg GER"]
[Date "2014.12.28"]
[Round "4"]
[White "Köhler, Inken"]
[Black "Simon, Tessa"]
[Result "1/2-1/2"]
[Termination "normal"]
[Board "1.2"]
[WhiteElo "1740"]
[BlackElo "1831"]
[WhiteClock "00:25:23"]
[BlackClock "00:02:04"]
[WhiteTeam "TuRa Harksheide"]
[BlackTeam "SV Muldental Wilkau-Haßlau"]
[PlyCount "108"]
[WhiteFideId "12929301"]
[BlackFideId "12929395"]
[EventCountry "GER"]
[EventRounds "7"]
[EventType "team-swiss"]
[EventDate "2014.12.26"]

1. e4 {[%clk 1:30:58]} c5 {[%clk 1:30:53]} 2. d4 {[%clk 1:31:22]} cxd4 {[%clk
1:31:13]} 3. c3 {[%clk 1:31:45]} Nf6 {[%clk 1:31:32]} 4. e5 {[%clk 1:32:07]}
Nd5 {[%clk 1:31:49]} 5. Nf3 {[%clk 1:32:02]} Nc6 {[%clk 1:32:07]} 6. cxd4
{[%clk 1:31:56]} d6 {[%clk 1:32:22]} 7. Bb5 {[%clk 1:29:06]} Qa5+ 8. Nc3 {[%clk
1:29:21]} Nxc3 {[%clk 1:17:25]} 9. Bxc6+ {[%clk 1:29:44]} bxc6 {[%clk 1:17:45]}
10. Qd2 {[%clk 1:30:05]} Ba6 {[%clk 1:14:25]} 11. Qxc3 {[%clk 1:27:55]} Qb5
{[%clk 1:12:24]} 12. Qc2 {[%clk 1:27:04]} e6 {[%clk 1:06:22]} 13. a4 {[%clk
1:21:46]} Qb7 {[%clk 0:59:48]} 14. exd6 {[%clk 1:11:11]} Bxd6 {[%clk 0:58:14]}
15. Bd2 {[%clk 1:10:50]} h6 {[%clk 0:53:54]} 16. Bc3 {[%clk 1:07:59]} Rc8
{[%clk 0:47:16]} 17. Nd2 {[%clk 1:02:28]} O-O {[%clk 0:36:41]} 18. Ne4 {[%clk
0:59:17]} Rfd8 {[%clk 0:34:37]} 19. f3 {[%clk 0:57:02]} c5 {[%clk 0:29:49]} 20.
Nxd6 {[%clk 0:53:28]} Rxd6 {[%clk 0:29:29]} 21. dxc5 {[%clk 0:53:28]} Rxc5
{[%clk 0:28:06]} 22. b4 {[%clk 0:41:29]} Rc8 {[%clk 0:17:00]} 23. b5 {[%clk
0:37:17]} Qc7 {[%clk 0:16:13]} 24. Rc1 {[%clk 0:36:47]} Bb7 {[%clk 0:13:03]}
25. O-O {[%clk 0:34:43]} Rd5 {[%clk 0:08:55]} 26. Qf2 {[%clk 0:32:11]} Rc5
{[%clk 0:02:48]} 27. Bb2 {[%clk 0:27:56]} Rxc1 {[%clk 0:03:02]} 28. Bxc1 {[%clk
0:25:14]} Qxc1 {[%clk 0:02:15]} 29. Qxa7 {[%clk 0:25:19]} Qc5+ {[%clk 0:02:18]}
30. Qxc5 {[%clk 0:25:43]} Rxc5 {[%clk 0:02:42]} 31. Rb1 {[%clk 0:25:16]} Rc4
{[%clk 0:02:25]} 32. a5 {[%clk 0:24:34]} Ra4 {[%clk 0:02:43]} 33. a6 {[%clk
0:24:45]} Bxa6 {[%clk 0:03:11]} 34. bxa6 {[%clk 0:25:07]} Rxa6 {[%clk 0:03:38]}
35. Kf2 {[%clk 0:24:30]} Ra4 {[%clk 0:01:41]} 36. Kg3 {[%clk 0:22:57]} g6
{[%clk 0:00:59]} 37. Rb7 {[%clk 0:20:19]} Kg7 {[%clk 0:01:09]} 38. Kh3 {[%clk
0:19:05]} g5 {[%clk 0:00:38]} 39. Rb5 {[%clk 0:17:45]} Kg6 {[%clk 0:00:34]} 40.
Kg3 {[%clk 0:14:05]} Ra2 {[%clk 0:00:39]} 41. Rc5 {[%clk 0:11:39]} Re2 {[%clk
0:27:54]} 42. Rb5 {[%clk 0:41:02]} f5 {[%clk 0:20:02]} 43. Ra5 {[%clk 0:33:29]}
h5 {[%clk 0:14:09]} 44. Ra6 {[%clk 0:28:45]} h4+ {[%clk 0:10:58]} 45. Kh3
{[%clk 0:29:06]} Kh5 {[%clk 0:10:32]} 46. g4+ {[%clk 0:27:22]} fxg4+ {[%clk
0:09:01]} 47. fxg4+ {[%clk 0:27:45]} Kg6 {[%clk 0:08:52]} 48. Ra1 {[%clk
0:27:36]} Kf6 {[%clk 0:07:06]} 49. Ra5 {[%clk 0:27:08]} Rd2 {[%clk 0:05:54]}
50. Rb5 {[%clk 0:25:47]} Rd5 {[%clk 0:03:16]} 51. Rb2 {[%clk 0:25:38]} Rd3+
{[%clk 0:02:47]} 52. Kg2 {[%clk 0:25:51]} Ke5 {[%clk 0:02:07]} 53. Rb5+ {[%clk
0:25:47]} Kf4 {[%clk 0:02:16]} 54. Rb4+ {[%clk 0:25:23]} Ke5 {[%clk 0:02:04]}
1/2-1/2

[Event "DVM U14w 2014"]
[Site "Regensburg GER"]
[Date "2014.12.28"]
[Round "4"]
[White "Fromm, Katja"]
[Black "Janke, Luisa"]
[Result "1-0"]
[Termination "normal"]
[Board "1.3"]
[WhiteElo "1597"]
[BlackElo "1369"]
[WhiteClock "00:10:45"]
[BlackClock "00:08:40"]
[WhiteTeam "SV Muldental Wilkau-Haßlau"]
[BlackTeam "TuRa Harksheide"]
[PlyCount "95"]
[WhiteFideId "12929409"]
[BlackFideId "12925225"]
[EventCountry "GER"]
[EventRounds "7"]
[EventType "team-swiss"]
[EventDate "2014.12.26"]

1. d4 {[%clk 1:30:57]} g6 {[%clk 1:30:50]} 2. c4 {[%clk 1:31:19]} c6 {[%clk
1:31:13]} 3. Nc3 {[%clk 1:31:30]} d5 {[%clk 1:31:04]} 4. e3 {[%clk 1:31:32]}
Bg7 {[%clk 1:31:25]} 5. Nf3 {[%clk 1:31:49]} Nf6 {[%clk 1:31:41]} 6. Be2 {[%clk
1:31:53]} O-O {[%clk 1:31:39]} 7. O-O {[%clk 1:32:10]} Bf5 {[%clk 1:30:14]} 8.
Re1 {[%clk 1:31:01]} Nbd7 {[%clk 1:25:52]} 9. Bd3 {[%clk 1:30:03]} Bxd3 {[%clk
1:23:43]} 10. Qxd3 {[%clk 1:30:29]} dxc4 {[%clk 1:22:27]} 11. Qxc4 {[%clk
1:30:21]} Nb6 {[%clk 1:21:31]} 12. Qd3 {[%clk 1:29:53]} Rc8 {[%clk 1:16:02]}
13. Rd1 {[%clk 1:28:21]} Qd6 {[%clk 1:12:23]} 14. e4 {[%clk 1:28:14]} Qd7
{[%clk 1:11:47]} 15. Be3 {[%clk 1:27:41]} Rfd8 {[%clk 1:08:14]} 16. Rd2 {[%clk
1:21:33]} Ng4 {[%clk 1:03:25]} 17. Rad1 {[%clk 1:19:40]} Nxe3 {[%clk 1:03:24]}
18. fxe3 {[%clk 1:20:05]} Qe6 {[%clk 0:57:50]} 19. b3 {[%clk 1:16:54]} Rd7
{[%clk 0:53:32]} 20. Ne2 {[%clk 1:10:18]} Rcd8 {[%clk 0:48:01]} 21. Nf4 {[%clk
1:09:07]} Qd6 22. e5 {[%clk 1:08:52]} Qc7 {[%clk 0:45:39]} 23. Qc3 {[%clk
1:07:58]} Qb8 {[%clk 0:43:10]} 24. Kf2 {[%clk 0:52:32]} Nd5 {[%clk 0:41:07]}
25. Qc2 {[%clk 0:45:51]} Bh6 {[%clk 0:35:13]} 26. g3 {[%clk 0:45:21]} Rc8
{[%clk 0:31:59]} 27. h4 {[%clk 0:41:22]} Bg7 {[%clk 0:28:37]} 28. e4 {[%clk
0:39:18]} Nb6 {[%clk 0:27:30]} 29. Nd3 {[%clk 0:35:34]} Rdc7 {[%clk 0:24:30]}
30. Nc5 {[%clk 0:34:41]} Nd7 {[%clk 0:24:26]} 31. b4 {[%clk 0:26:46]} b6 {[%clk
0:23:41]} 32. Na6 {[%clk 0:26:41]} Qb7 {[%clk 0:23:44]} 33. Nxc7 {[%clk
0:26:55]} Qxc7 {[%clk 0:24:07]} 34. Qb3 {[%clk 0:25:31]} Rd8 {[%clk 0:23:43]}
35. e6 {[%clk 0:17:11]} fxe6 {[%clk 0:23:01]} 36. Qxe6+ {[%clk 0:17:24]} Kh8
{[%clk 0:22:12]} 37. Kg2 {[%clk 0:16:02]} Nf8 {[%clk 0:20:13]} 38. Qb3 {[%clk
0:15:20]} Nd7 {[%clk 0:19:22]} 39. Ng5 {[%clk 0:15:18]} Rf8 {[%clk 0:18:10]}
40. Nf7+ {[%clk 0:14:18]} Rxf7 {[%clk 0:17:04]} 41. Qxf7 {[%clk 0:14:36]} Nf6
{[%clk 0:14:27]} 42. e5 {[%clk 0:13:37]} Ng8 {[%clk 0:13:55]} 43. Rf2 {[%clk
0:12:30]} Qd8 {[%clk 0:13:11]} 44. Qe6 {[%clk 0:11:28]} Qe8 {[%clk 0:11:39]}
45. Rc1 {[%clk 0:11:17]} Qd8 {[%clk 0:09:10]} 46. Rxc6 {[%clk 0:10:36]} Qa8
{[%clk 0:09:10]} 47. Kh2 {[%clk 0:10:44]} Qd8 {[%clk 0:08:40]} 48. Rc8 {[%clk
0:10:45]} 1-0

[Event "DVM U14w 2014"]
[Site "Regensburg GER"]
[Date "2014.12.28"]
[Round "4"]
[White "Giede, Anna-Blume"]
[Black "Von Jan, Lena"]
[Result "0-1"]
[Termination "normal"]
[Board "1.4"]
[WhiteElo "1471"]
[BlackElo "1337"]
[WhiteClock "00:23:57"]
[BlackClock "00:32:21"]
[WhiteTeam "TuRa Harksheide"]
[BlackTeam "SV Muldental Wilkau-Haßlau"]
[PlyCount "98"]
[WhiteFideId "12921980"]
[BlackFideId "12946060"]
[EventCountry "GER"]
[EventRounds "7"]
[EventType "team-swiss"]
[EventDate "2014.12.26"]

1. e4 {[%clk 1:30:59]} e5 {[%clk 1:30:56]} 2. Nf3 {[%clk 1:31:23]} Nc6 {[%clk
1:31:22]} 3. d4 {[%clk 1:31:48]} exd4 {[%clk 1:31:47]} 4. Nxd4 {[%clk 1:32:15]}
Bb4+ {[%clk 1:32:08]} 5. c3 {[%clk 1:32:23]} Bc5 {[%clk 1:32:31]} 6. Be3 {[%clk
1:32:46]} Bb6 {[%clk 1:32:53]} 7. Bc4 {[%clk 1:32:28]} d6 {[%clk 1:33:00]} 8.
O-O {[%clk 1:31:42]} Nf6 {[%clk 1:33:22]} 9. Nxc6 {[%clk 1:30:35]} bxc6 {[%clk
1:33:19]} 10. Bxb6 {[%clk 1:28:11]} axb6 {[%clk 1:33:31]} 11. Re1 {[%clk
1:27:50]} O-O {[%clk 1:33:14]} 12. Nd2 {[%clk 1:16:27]} Re8 {[%clk 1:25:55]}
13. Qc2 {[%clk 1:05:55]} d5 {[%clk 1:10:56]} 14. exd5 {[%clk 0:56:32]} cxd5
{[%clk 1:09:55]} 15. Bb3 {[%clk 0:55:29]} Bb7 {[%clk 1:06:37]} 16. Nf3 {[%clk
0:49:33]} Qd6 {[%clk 0:57:19]} 17. Rad1 {[%clk 0:43:10]} c6 {[%clk 0:51:07]}
18. h3 {[%clk 0:36:03]} Qc7 {[%clk 0:49:29]} 19. Qd3 {[%clk 0:28:38]} c5 {[%clk
0:44:00]} 20. c4 {[%clk 0:24:33]} Ba6 {[%clk 0:38:19]} 21. Qc2 {[%clk 0:21:47]}
d4 {[%clk 0:34:20]} 22. Qd2 {[%clk 0:15:47]} h6 {[%clk 0:32:07]} 23. Rxe8+
{[%clk 0:13:00]} Rxe8 {[%clk 0:31:45]} 24. Re1 {[%clk 0:13:05]} Rxe1+ {[%clk
0:17:36]} 25. Qxe1 {[%clk 0:13:29]} Qf4 {[%clk 0:16:06]} 26. a4 {[%clk
0:09:59]} Bb7 {[%clk 0:13:18]} 27. Bd1 {[%clk 0:05:19]} Qc1 {[%clk 0:06:59]}
28. b3 {[%clk 0:05:06]} Ne4 {[%clk 0:04:06]} 29. Kf1 {[%clk 0:04:04]} Qb2
{[%clk 0:02:29]} 30. Qe2 {[%clk 0:03:11]} Qxe2+ {[%clk 0:02:15]} 31. Bxe2
{[%clk 0:03:31]} Nc3 {[%clk 0:02:30]} 32. Ke1 {[%clk 0:03:29]} Nxe2 {[%clk
0:02:24]} 33. Kxe2 {[%clk 0:03:55]} Bxf3+ {[%clk 0:02:13]} 34. Kxf3 {[%clk
0:04:05]} Kf8 {[%clk 0:02:29]} 35. Ke4 {[%clk 0:04:03]} Ke7 {[%clk 0:02:43]}
36. f4 {[%clk 0:03:00]} Kd7 {[%clk 0:02:26]} 37. Kd3 {[%clk 0:02:28]} Kc7
{[%clk 0:02:10]} 38. Kc2 {[%clk 0:02:34]} Kb7 {[%clk 0:01:48]} 39. Kb2 {[%clk
0:02:31]} Ka6 {[%clk 0:01:54]} 40. Ka3 {[%clk 0:02:00]} Ka5 {[%clk 0:01:55]}
41. g4 {[%clk 0:01:02]} d3 {[%clk 0:01:55]} 42. Kb2 {[%clk 0:01:25]} Kb4 {[%clk
0:02:13]} 43. h4 {[%clk 0:01:02]} d2 {[%clk 0:02:26]} 44. Kc2 {[%clk 0:01:28]}
d1=Q+ {[%clk 0:02:40]} 45. Kxd1 {[%clk 0:01:55]} Kxb3 {[%clk 0:03:01]} 46. h5
{[%clk 0:24:29]} f6 {[%clk 0:32:21]} 47. Kd2 {[%clk 0:23:58]} Kxc4 {[%clk
0:32:32]} 48. Ke3 {[%clk 0:23:57]} Kb3 {[%clk 0:32:21]} 49. Ke4 c4 0-1

[Event "DVM U14w 2014"]
[Site "Regensburg GER"]
[Date "2014.12.28"]
[Round "4"]
[White "Kublanov, Elizabeth"]
[Black "Nguyen, Ha Thanh"]
[Result "1-0"]
[Termination "normal"]
[Board "2.1"]
[WhiteElo "1363"]
[BlackElo "1657"]
[WhiteClock "00:06:24"]
[BlackClock "00:01:17"]
[WhiteTeam "SG Solingen"]
[BlackTeam "SV Empor Erfurt"]
[PlyCount "69"]
[WhiteFideId "12944564"]
[BlackFideId "12942154"]
[EventCountry "GER"]
[EventRounds "7"]
[EventType "team-swiss"]
[EventDate "2014.12.26"]

1. d4 {[%clk 1:30:58]} d5 {[%clk 1:30:54]} 2. c4 {[%clk 1:31:22]} e6 {[%clk
1:31:18]} 3. Nf3 {[%clk 1:31:31]} f5 {[%clk 1:31:32]} 4. Nc3 {[%clk 1:31:31]}
Nf6 {[%clk 1:31:47]} 5. Bf4 {[%clk 1:31:11]} c6 {[%clk 1:31:29]} 6. e3 {[%clk
1:31:07]} Be7 {[%clk 1:31:44]} 7. Bd3 {[%clk 1:30:51]} Ne4 {[%clk 1:29:27]} 8.
Qc2 {[%clk 1:26:59]} Nd7 {[%clk 1:28:22]} 9. O-O-O {[%clk 1:24:51]} Ndf6 {[%clk
1:26:47]} 10. Ne5 {[%clk 1:22:39]} Qa5 {[%clk 1:23:32]} 11. Nxe4 {[%clk
1:11:19]} Nxe4 {[%clk 1:23:50]} 12. f3 {[%clk 1:10:52]} Nf6 {[%clk 1:23:28]}
13. a3 {[%clk 1:10:10]} Bd7 {[%clk 1:16:47]} 14. c5 {[%clk 1:05:03]} Rc8 {[%clk
1:15:58]} 15. Kb1 {[%clk 1:03:21]} O-O {[%clk 1:09:26]} 16. g4 {[%clk 1:00:44]}
Be8 {[%clk 0:57:24]} 17. gxf5 {[%clk 0:57:21]} exf5 {[%clk 0:56:18]} 18. Bxf5
{[%clk 0:56:39]} Ra8 {[%clk 0:55:19]} 19. Rhg1 {[%clk 0:55:18]} Kh8 {[%clk
0:44:32]} 20. Qg2 {[%clk 0:47:58]} Nh5 {[%clk 0:33:35]} 21. Bd3 {[%clk
0:42:54]} Bf6 {[%clk 0:32:27]} 22. Bg5 {[%clk 0:40:58]} Bxe5 {[%clk 0:31:57]}
23. dxe5 {[%clk 0:33:34]} Qc7 {[%clk 0:24:06]} 24. e6 {[%clk 0:32:18]} Qe5
{[%clk 0:17:30]} 25. e7 {[%clk 0:28:29]} Rg8 {[%clk 0:17:33]} 26. Qg4 {[%clk
0:25:10]} g6 {[%clk 0:10:27]} 27. e4 {[%clk 0:20:43]} Kg7 {[%clk 0:05:17]} 28.
f4 {[%clk 0:19:27]} Qd4 {[%clk 0:03:30]} 29. f5 {[%clk 0:13:58]} Nf6 {[%clk
0:02:13]} 30. Qf4 {[%clk 0:10:39]} Nh5 {[%clk 0:02:38]} 31. Qd6 {[%clk
0:09:59]} Bf7 {[%clk 0:02:04]} 32. e5 {[%clk 0:06:31]} Rgc8 {[%clk 0:01:59]}
33. f6+ {[%clk 0:06:02]} Kh8 34. e6 {[%clk 0:06:16]} Be8 {[%clk 0:01:17]} 35.
f7 {[%clk 0:06:24]} 1-0

[Event "DVM U14w 2014"]
[Site "Regensburg GER"]
[Date "2014.12.28"]
[Round "4"]
[White "Rieger, Lotta"]
[Black "Kublanov, Carolin"]
[Result "1-0"]
[Termination "normal"]
[Board "2.2"]
[WhiteElo "1462"]
[BlackElo "1328"]
[WhiteClock "01:00:42"]
[BlackClock "00:12:17"]
[WhiteTeam "SV Empor Erfurt"]
[BlackTeam "SG Solingen"]
[PlyCount "71"]
[WhiteFideId "12964620"]
[BlackFideId "12944548"]
[EventCountry "GER"]
[EventRounds "7"]
[EventType "team-swiss"]
[EventDate "2014.12.26"]

1. e4 {[%clk 1:30:58]} e5 {[%clk 1:30:52]} 2. Nf3 {[%clk 1:31:24]} Nc6 {[%clk
1:31:10]} 3. d4 {[%clk 1:31:51]} exd4 {[%clk 1:31:26]} 4. Nxd4 {[%clk 1:32:17]}
Bc5 {[%clk 1:31:05]} 5. Be3 {[%clk 1:32:44]} Bxd4 {[%clk 1:20:55]} 6. Bxd4
{[%clk 1:33:04]} Nxd4 {[%clk 1:21:13]} 7. Qxd4 {[%clk 1:33:32]} Nf6 {[%clk
1:18:56]} 8. Nc3 {[%clk 1:33:38]} O-O {[%clk 1:18:17]} 9. Bd3 {[%clk 1:31:56]}
d6 {[%clk 1:17:32]} 10. O-O {[%clk 1:30:55]} Be6 {[%clk 1:14:46]} 11. f4 {[%clk
1:25:45]} Re8 {[%clk 1:10:07]} 12. Rf3 {[%clk 1:21:08]} c6 {[%clk 1:00:21]} 13.
f5 {[%clk 1:20:35]} Bc8 {[%clk 0:59:13]} 14. Re1 {[%clk 1:19:19]} Ng4 {[%clk
0:50:09]} 15. Ref1 {[%clk 1:13:30]} c5 {[%clk 0:43:26]} 16. Qd5 {[%clk
1:11:29]} Re5 {[%clk 0:29:24]} 17. Qb3 {[%clk 1:10:31]} Re8 {[%clk 0:28:57]}
18. Rg3 {[%clk 1:09:12]} Ne5 {[%clk 0:28:47]} 19. Bb5 {[%clk 1:03:03]} Bd7
{[%clk 0:24:03]} 20. Bxd7 {[%clk 1:03:31]} Qxd7 {[%clk 0:24:19]} 21. Nd5 {[%clk
1:03:48]} Kh8 {[%clk 0:22:55]} 22. f6 {[%clk 0:59:52]} g6 {[%clk 0:22:15]} 23.
Qe3 {[%clk 0:58:31]} Ng4 {[%clk 0:19:50]} 24. Qf4 {[%clk 0:58:26]} Nxf6 {[%clk
0:11:02]} 25. Nxf6 {[%clk 0:58:34]} Qe6 {[%clk 0:10:38]} 26. Nxe8 {[%clk
0:58:48]} Rxe8 {[%clk 0:11:01]} 27. Qf6+ {[%clk 0:58:55]} Qxf6 {[%clk 0:11:12]}
28. Rxf6 {[%clk 0:59:22]} Kg7 {[%clk 0:11:24]} 29. Rgf3 {[%clk 0:59:25]} Re7
{[%clk 0:11:18]} 30. Kf2 {[%clk 0:59:44]} b5 {[%clk 0:11:22]} 31. Rxd6 {[%clk
0:59:41]} Rxe4 {[%clk 0:11:41]} 32. Rd7 {[%clk 1:00:02]} Kh6 {[%clk 0:11:52]}
33. Rdxf7 {[%clk 1:00:18]} g5 {[%clk 0:12:04]} 34. R3f6+ {[%clk 1:00:21]} Kh5
{[%clk 0:12:14]} 35. Rxh7+ {[%clk 1:00:42]} Kg4 {[%clk 0:12:17]} 36. h3# 1-0

[Event "DVM U14w 2014"]
[Site "Regensburg GER"]
[Date "2014.12.28"]
[Round "4"]
[White "Möller, Laura"]
[Black "Geletzke, Hannah"]
[Result "1-0"]
[Termination "normal"]
[Board "2.3"]
[WhiteElo "1387"]
[BlackElo "1387"]
[WhiteClock "00:29:20"]
[BlackClock "00:28:53"]
[WhiteTeam "SG Solingen"]
[BlackTeam "SV Empor Erfurt"]
[PlyCount "83"]
[WhiteFideId "12911720"]
[BlackFideId "12983330"]
[EventCountry "GER"]
[EventRounds "7"]
[EventType "team-swiss"]
[EventDate "2014.12.26"]

1. c4 {[%clk 1:30:55]} c5 {[%clk 1:29:44]} 2. Nc3 {[%clk 1:31:03]} Nc6 {[%clk
1:28:33]} 3. g3 {[%clk 1:30:43]} Nf6 {[%clk 1:26:35]} 4. Bg2 {[%clk 1:30:07]}
g6 {[%clk 1:24:31]} 5. Nf3 {[%clk 1:29:13]} Bg7 {[%clk 1:22:44]} 6. O-O {[%clk
1:27:34]} O-O {[%clk 1:20:33]} 7. e3 {[%clk 1:24:24]} d6 {[%clk 1:13:59]} 8. d4
{[%clk 1:22:00]} Bg4 {[%clk 1:10:24]} 9. h3 {[%clk 1:15:36]} Bxf3 {[%clk
1:07:25]} 10. Bxf3 {[%clk 1:15:11]} Qd7 {[%clk 1:02:15]} 11. Kg2 {[%clk
1:09:45]} e6 {[%clk 0:52:53]} 12. d5 {[%clk 1:01:27]} Ne5 {[%clk 0:49:50]} 13.
dxe6 {[%clk 0:59:02]} fxe6 {[%clk 0:47:57]} 14. Be2 {[%clk 0:55:03]} Qc6+
{[%clk 0:41:27]} 15. Kh2 {[%clk 0:52:20]} d5 {[%clk 0:36:19]} 16. cxd5 {[%clk
0:47:15]} Nxd5 {[%clk 0:33:28]} 17. Nxd5 {[%clk 0:39:28]} exd5 {[%clk 0:31:29]}
18. Rb1 {[%clk 0:35:31]} Rad8 {[%clk 0:28:06]} 19. f4 {[%clk 0:25:01]} Nc4
{[%clk 0:22:43]} 20. Bf3 {[%clk 0:22:55]} Qe6 {[%clk 0:20:13]} 21. Re1 {[%clk
0:20:57]} Qf5 {[%clk 0:17:31]} 22. Ra1 {[%clk 0:15:10]} Bxb2 23. Bxb2 {[%clk
0:15:23]} Nxb2 {[%clk 0:13:32]} 24. Qb3 {[%clk 0:14:53]} Nd3 {[%clk 0:06:15]}
25. Red1 {[%clk 0:13:26]} Nb4 {[%clk 0:05:06]} 26. a3 {[%clk 0:12:40]} Qc2+
{[%clk 0:04:04]} 27. Qxc2 {[%clk 0:10:32]} Nxc2 {[%clk 0:04:24]} 28. Rac1
{[%clk 0:08:07]} Nxe3 {[%clk 0:03:30]} 29. Rd3 {[%clk 0:08:13]} Rfe8 {[%clk
0:03:03]} 30. Rxc5 {[%clk 0:07:09]} b6 {[%clk 0:01:30]} 31. Rc7 {[%clk
0:05:25]} a5 {[%clk 0:01:12]} 32. Rb7 {[%clk 0:05:20]} Rd6 {[%clk 0:00:57]} 33.
a4 {[%clk 0:04:11]} Red8 {[%clk 0:00:43]} 34. h4 {[%clk 0:03:10]} Nc4 {[%clk
0:00:48]} 35. h5 {[%clk 0:02:43]} Nb2 {[%clk 0:01:02]} 36. Rd4 {[%clk 0:02:52]}
Nc4 {[%clk 0:01:06]} 37. Kh3 {[%clk 0:02:12]} Ne3 {[%clk 0:00:47]} 38. Rd3
{[%clk 0:01:57]} Nc4 {[%clk 0:00:46]} 39. h6 {[%clk 0:01:17]} Nb2 {[%clk
0:00:58]} 40. Rg7+ {[%clk 0:01:11]} Kh8 {[%clk 0:01:05]} 41. Re3 {[%clk
0:29:34]} R6d7 {[%clk 0:28:53]} 42. Rxd7 {[%clk 0:29:20]} 1-0